Components for fiber optic applications II : 17-18 August 1987, San Diego, California /

Bibliographic Details
Corporate Authors: Society of Photo-optical Instrumentation Engineers, New Mexico State University. Applied Optics Laboratory
Other Authors: Tekippe, Vincent J.
Format: Book
Language:English
Published: Bellingham, Wash., USA : SPIE, [1988]
Series:Proceedings of SPIE--the International Society for Optical Engineering ; v. 839.
Subjects:

MARC

Tag First Indicator Second Indicator Subfields
LEADER 00000cam a2200000 a 4500
001 in00000023625
005 20151007054256.0
008 880224s1988 waua b 10100 eng d
010 |a  87062542  
020 |a 0892528745 (pbk.) 
035 |a (OCoLC)17531272 
035 |9 AAB4539AM 
040 |a CON  |c CON  |d TXA  |d UtOrBLW 
049 |a TXAM  |c [A10991446] 
050 4 |a TA1800  |b .C645 1988 
245 0 0 |a Components for fiber optic applications II :  |b 17-18 August 1987, San Diego, California /  |c Vincent J. Tekippe, chair/editor ; sponsored by SPIE--the International Society for Optical Engineering ; cooperating organizations, Applied Optics Laboratory, New Mexico State University [and others]. 
264 1 |a Bellingham, Wash., USA :  |b SPIE,  |c [1988] 
264 4 |c ©1988 
300 |a vi, 186 pages :  |b illustrations ;  |c 28 cm. 
336 |a text  |b txt  |2 rdacontent 
337 |a unmediated  |b n  |2 rdamedia 
338 |a volume  |b nc  |2 rdacarrier 
490 1 |a Proceedings of SPIE--The International Society for Optical Engineering ;  |v v. 839 
504 |a Includes bibliographies and index. 
650 0 |a Fiber optics  |v Congresses. 
700 1 |a Tekippe, Vincent J. 
710 2 |a Society of Photo-optical Instrumentation Engineers. 
710 2 |a New Mexico State University.  |b Applied Optics Laboratory. 
830 0 |a Proceedings of SPIE--the International Society for Optical Engineering ;  |v v. 839. 
999 |a MARS 
999 f f |s faa42d3f-baee-323c-85e1-882408dd3e5d  |i 1c4cdd78-295b-365c-b2ec-ce85a0e5cc5e  |t 0 
952 f f |p ric  |a Texas A&M University  |b Rellis Campus  |c Joint Library Facility  |d Remote Storage  |t 0  |e TA1800 .C645 1988  |h Library of Congress classification  |i unmediated -- volume  |m A14810991446 
998 f f |a TA1800 .C645 1988  |t 0  |l Remote Storage